| 000 | 00370nam a22001457a 4500 | ||
|---|---|---|---|
| 020 | _a9788121925371 | ||
| 082 |
_a621.815 _bKHU/MA |
||
| 100 |
_aKhurmi R.S. _91224 |
||
| 100 |
_aGupta J.K. _91225 |
||
| 245 | _aA Textbook of Machine design (S.I.Units) | ||
| 250 | _a1 | ||
| 260 |
_aNew Delhi _bEurasia Publishing House (Pvt.) Ltd. _c2015 |
||
| 300 | _a1230 | ||
| 942 | _cBBS | ||
| 999 |
_c14700 _d14700 |
||